Perspectives on Peacemaking (Record no. 6355)

MARC details
000 -LEADER
fixed length control field 00676nam a2200253 a 4500
020 ## - INTERNATIONAL STANDARD BOOK NUMBER
ISBN 0830717
082 00 - DEWEY DECIMAL CLASSIFICATION NUMBER
Classification number 261.873
Author Cutter BER
100 ## - MAIN ENTRY--AUTHOR NAME
Author name Bernbaum, John A
245 ## - TITLE STATEMENT
Title Perspectives on Peacemaking
Sub title Biblical Options in the Nuclear Age
260 ## - PUBLICATION, DISTRIBUTION, ETC. (IMPRINT)
Place of publication Ventura, CA
Name of publisher Regal Books
Year of publication 1984
300 ## - PHYSICAL DESCRIPTION
Number of Pages 265p
500 ## - GENERAL NOTE
General note includes index and biblioraphy
505 2# - FORMATTED CONTENTS NOTE
Formatted contents note Bibliography
650 ## - SUBJECT ADDED ENTRY--TOPICAL TERM
Topical Term Peace-Christianity
650 ## - SUBJECT ADDED ENTRY--TOPICAL TERM
Topical Term Peace-Religious Aspects
942 ## - ADDED ENTRY ELEMENTS (KOHA)
Koha item type Books
700 1# -
-- Bernbaum, John A
Holdings
Collection code Home library Current library Date acquired Cost, normal purchase price Full call number Accession Number Koha item type
  Henry Martyn Institute Library Henry Martyn Institute Library 07/10/2007 100.00 261.873 BER 014854 Books
                   Copyright © 2026 | Henry Martyn Institute | Hyderabad | TS-500052 | INDIA | Implemented by hmi.edu.in
Hit-Count:

Powered by Koha